LEADER 00854nam0 22002531i 450 001 UON00233512 005 20231205103513.603 100 $a20030730d1987 |0itac50 ba 101 $ahbs 102 $aHR 105 $a|||| ||||| 200 1 $aLicem u lice$fPetar Segedin 210 $aZagreb$cNaprijed$d1987 215 $a155 p.$d20 cm. 620 $aHR$dZagreb$3UONL001976 676 $a891.82$cLetteratura serbo-croata$v21 700 1$aSEGEDIN$bPetar$3UONV141507$0687638 712 $aNaprijed$3UONV269230$4650 801 $aIT$bSOL$c20250620$gRICA 899 $aSIBA - SISTEMA BIBLIOTECARIO DI ATENEO$2UONSI 912 $aUON00233512 950 $aSIBA - SISTEMA BIBLIOTECARIO DI ATENEO$dSI CROATO A 0273 $eSI EO 23577 5 0273 996 $aLicem u lice$91232919 997 $aUNIOR